Ο κόσμος του πουθενά

Αποθηκεύτηκε σε:
Λεπτομέρειες βιβλιογραφικής εγγραφής
Κύριος συγγραφέας: Πατεράκη, Γιολάντα, 1934-
Άλλοι συγγραφείς: Αποστολογιάννης, Γιάννης (Εικονογράφος)
Μορφή: Βιβλίο
Γλώσσα:Greek
Δημοσίευση: Αθήνα : Ψυχογιός, 2011.
Έκδοση:1η ανατύπωση
Σειρά:Ξινόμηλο ; v.39
Θέματα:
Ετικέτες: Προσθήκη ετικέτας
Δεν υπάρχουν, Καταχωρήστε ετικέτα πρώτοι!

MARC

LEADER 00000cam a2200000 a 4500
001 1/117591
008 181123s2011####gr | ||| |||| ||gre||
020 |a 9789604535279 
040 |a GR-MyUa  |b gre  |c GR-MyUa  |e AACR2 
041 0 |a gre 
082 7 |a 808.899282   |2 (23) 
100 1 |a Πατεράκη, Γιολάντα,   |d 1934- 
245 1 2 |a Ο κόσμος του πουθενά /   |c Γιολάντα Πατεράκη ; εικονογράφηση: Γιάννης Αποστολογιάννης.  
250 |a 1η ανατύπωση  
260 |a Αθήνα :   |b Ψυχογιός,   |c 2011.  
300 |a 263 σ. :   |b εικ.,   |c 21 εκ.  
490 1 |a (Ξινόμηλο ;   |v  vol.39) 
500 |a Ευέλικτη ζώνη  
650 0 |a Young adult fiction. 
650 0 |a Greek fiction, Modern  |y 21st century. 
650 0 |a Children's literature, Greek (Modern) 
700 1 |a Αποστολογιάννης, Γιάννης,  |e ill 
830 0 |a Ξινόμηλο ;  |v  v.39  
852 |a INST  |b RHODES  |e 20181123  |h 808.899282 ΠΑΤ  |p 005400040333  |q 005400040333  |t BK  |y 0 
970 |a Μαρία  |b Κωτάκου  |z 23-11-2018